000 01059nam a2200265 a 4500
003 BD-DhJNU
005 20251008092419.0
008 100212s2010 enka d 000 0 eng
020 _a9781408204603
040 _aBD-DhJNU
_bENG
_cBD-DhJNU
_dBD-DhJNU
082 0 0 _a418.0071 RILL
_223
100 1 _aRichards, Jack C.
245 1 0 _aLongman dictionary of language teaching and applied linguistics /
_cJack C. Richards and Richard Schmidt.
246 3 0 _aLanguage teaching and applied linguistics
246 3 0 _aDictionary of language teaching and applied linguistics
250 _a4th ed.
260 _aHarlow :
_bLongman,
_c2010.
300 _aviii, 644 p. :
_bill. ;
_c22 cm.
650 0 _aLanguage and languages
_xStudy and teaching
_vDictionaries.
650 0 _aApplied linguistics
_vDictionaries.
655 7 _aDictionaries.
_2lcgft
_0https://id.loc.gov/authorities/genreForms/gf2014026086
700 1 _aSchmidt, Richard W.
856 4 2 _3Contributor biographical information
_uhttp://www.loc.gov/catdir/enhancements/fy1316/2010006217-b.html
942 _cBK
999 _c2199
_d2199